000 00440nam a2200181 a 4500
001 1758099019374
003 ACL
005 20250917142338.0
008 250917s1998##################000#0#eng##
020 _a9780671009977
082 0 4 _a791.4575
_bBOR
100 1 _aBormanis, Andre,
_eauthor.
245 1 0 _aScience Logs :
260 _bPocket Books/Star Trek,
_c1998.
650 0 _aFiction.
942 _cENGLISH
040 _aACL
_beng
_cACL
999 _c587690
_d587690